000
00365nam a2200157Ia 4500
008
151213s9999 xx 000 0 und d
100
_a
A.B.Siddique
245
_a
L.L.B Guide
_c
A.B.Siddique
250
_a
1st
260
_a
Dhaka
_b
Kamrul Book House
_c
2006
300
_a
3242 p.
650
_a
Law
650
_a
Law
700
_a
A.B.Siddique
999
_c
2228
_d
2228